00297nam a2200121Ia 4500008004100000041000800041082001900049100001800068245001500086260003100101300003200132365001100164240624s9999 xx 000 0 und d aeng a333.790973 LIT aLITTLE AMANDA aPOWER TRIP c2009aLondonbHarper Press axvii, : 446 : p. : cm. ; 19 cRSb20